The performance prism : the scorecard for measuring and managing business success

Αποθηκεύτηκε σε:
Λεπτομέρειες βιβλιογραφικής εγγραφής
Κύριος συγγραφέας: Neely, A. D. (Andy D.)
Άλλοι συγγραφείς: Adams, Chris 1956-, Kennerley, Mike
Μορφή: Βιβλίο
Γλώσσα:English
Δημοσίευση: London : Financial Times/Prentice Hall, c2002
Θέματα:
Ετικέτες: Προσθήκη ετικέτας
Δεν υπάρχουν, Καταχωρήστε ετικέτα πρώτοι!

MARC

LEADER 00000nam a2200000 i 4500
001 1/98047
008 081124s2002 eng d
020 |a 978-0-273-65334-9 
035 |l 10101945 
040 |a GR-MY-UA  |b gre  |e aacr 
041 0 |a eng 
082 0 |a 658.4013  |2 (22) 
100 1 |a Neely, A. D.  |q (Andy D.) 
245 1 4 |a The performance prism :  |b the scorecard for measuring and managing business success /  |c Andy Neely, Chris Adams, and Mike Kennerly 
260 |a London :   |b Financial Times/Prentice Hall,   |c c2002 
300 |a xv, 393 σ.;  |b εικ.;  |c 24 εκ.+  |e 1 οπτική δισκέτα λέϊζερ 4 3/4 ίν. 
504 |a Βιβλιογραφία : σ. 374-377 
650 0 0 |a Performance standards. 
650 0 0 |a Organizational effectiveness. 
650 0 0 |a Success in business. 
700 1 |a Adams, Chris  |d 1956- 
700 1 |a Kennerley, Mike. 
852 |a INST  |b CHIOS  |e 20081124  |h 658.4013 NEE  |p 005200030836  |q 005200030836  |t BK  |y 0 
852 |a INST  |b CHIOS  |e 20081211  |h 658.4013 NEE   |p 005200031150  |q 005200031150  |t BK  |y 0 
901 |a BIBL2-2008-3 
909 |a Χ  |b 153809 
909 |a X  |b 146995 
922 |a 2ΕΛΗ  |b 200809  |c ΕΠΕΑΕΚ2/ΤΝΕΥ  |d Ι. ΜΙΧΑΛΟΠΟΥΛΟΣ 
970 |a ΒΑΡΦΗΣ  |b ΒΑΓΓΕΛΗΣ  |z 2008/11/24